Coupe du monde 2026 - Football - Nommez tous les pays participants - Statistiques

Statistiques générales
  • Ce quiz a été pris 116 fois
  • Le résultat moyen est 33 sur 48
Statistiques - réponses
Hint Réponse % Correct
I France
96%
J Argentine
94%
D États-Unis
93%
Maroc
92%
C Brésil
91%
A Mexique
91%
Sénégal
91%
B Canada
90%
H Espagne
90%
Algérie
89%
L Angleterre
89%
E Allemagne
88%
Norvège
87%
Japon
86%
K Portugal
84%
G Belgique
83%
Uruguay
83%
Australie
82%
Corée du Sud
82%
F Pays-Bas
82%
Iran
80%
Colombie
78%
Croatie
74%
Tunisie
73%
Équateur
71%
Suisse
71%
Égypte
70%
Afrique du Sud
69%
Nouvelle-Zélande
69%
Autriche
67%
Arabie saoudite
66%
Ghana
64%
Côte d'Ivoire
63%
Écosse
62%
Paraguay
62%
Haïti
61%
Qatar
58%
Curaçao
53%
Cap-Vert
52%
Panama
51%
Jordanie
40%
Ouzbékistan
36%
inconnu
18%
inconnu
18%
inconnu
18%
inconnu
18%
inconnu
18%
inconnu
18%
Aucun quiz correspondant
Distribution des résultats
% des personnes avec chaque résultat
Percentile par nombre de réponses
Votre historique - résultats
Vous n’avez pas pris ce quiz